000 02964cam a22005894i 4500
003 PE-LiUPU
005 20250929154711.0
008 150625s2013 mx a ri 000 0 spa d
020 _a6071511372
020 _a9786071511379
035 _a(Sirsi) a237976
040 _aPE-LiUPU
_bspa
_cPE-LiUPU
_erda
049 _aPRUA
082 0 4 _a574.87
_bK23
_221
100 1 _aKarp, Gerald,
_eautor.
245 1 0 _aBiología celular y molecular :
_bconceptos y experimentos /
_cGerald Karp.
250 _aSéptima edición
264 1 _aMéxico :
_bMcGraw-Hill Interamericana,
_c2013.
300 _axix, 783 páginas :
_bilustraciones ;
_c28 centímetros
336 _atext
_2rdacontent
337 _aunmediated
_2rdamedia
338 _avolume
_2rdacarrier
504 _aíndice : páginas i-1 - i-41.
505 0 _aIntroducción al estudio de la biología celular y molecular -- Las bases químicas de la vida -- Bioenergética, enzimas y metabolismo -- La estructura y función de la membrana plasmática -- La respiración aeróbica y la mitocondria -- Fotosíntesis y el cloroplasto -- Interacciones entre las células y su ambiente -- Sistema de membrana ciltoplásmica: estructura, función y tránsito de membranas -- El citoesqueleto y la movilidad celular -- Naturaleza del gen y el genoma -- Expresión génica: de la transcripción a la traducción -- Control de la expresión génica -- Replicación y reparación del DNA -- Reproducción celular -- Señalización celular y transducción de señales: comunicación intercelular -- Cáncer -- Respuesta inmunitaria -- Técnicas en biología calular y molecular.
526 _aSEG44
526 _aSEG26
526 _aP159
526 _aP155
526 _aP154
526 _aP153
526 _aP150
526 _aP100
526 _aP31
526 _aP30
526 _aP26
526 _aP25
526 _aP24
526 _aP22
526 _aP15
526 _aP10
650 0 4 _aBiología celular.
_96992
650 0 0 _aCitología.
_9680
910 _ajck
_bncf
_cncf
_d20170724
942 _2ddc
_cBOOK
949 _a574.87 K23
_wDEWEY
_c1
_i76570
_lCCODEBUL1
_mBUL
_p67.69
_r0
_sY
_tBOOK
_u2017-07-24
_xSALUD
_PP30
_0COMPRA
_o.STAF. Colección Ciencias de la Salud
949 _a574.87 K23
_wDEWEY
_c2
_i76570
_lCCODEBUL1
_mBUL
_p67.69
_r0
_sY
_tBOOK
_u2017-07-24
_xSALUD
_PP30
_0COMPRA
_o.STAF. Colección Ciencias de la Salud
994 _aC0
_bPEPRU
596 _a1
999 _a574.87 K23
_wLC
_c24683
_i76570
_d24683
_e2022-6-7
_f2021-11-5
_g4
_lCCODEBUL1
_mBUL
_n62
_p67.69
_q33
_r0
_sY
_tBOOK
_u2017-7-24
_xBIBLIOTECA
_PP30
_0COMPRA
_o.STAFF. Colección Ciencias de la Salud
999 _a574.87 K23
_wLC
_c2
_i76571
_d2022-7-5
_e2022-6-27
_f2021-11-5
_g4
_lCCODEBUL1
_mBUL
_n60
_p67.69
_q34
_r0
_sY
_tBOOK
_u2017-7-24
_xBIBLIOTECA
_PP30
_0COMPRA
_o.STAFF. Colección Ciencias de la Salud
980 _818226
_gJaime Vilcazán Jefe de Análisis Documental